[Event "Niederbayernliga 0708"]
[Site "Germany"]
[Date "2007.03.09"]
[Round "7.3"]
[White "Wolf, Andreas"]
[Black "Fesl, Juergen"]
[Result "1/2-1/2"]
[WhiteElo "1915"]
[BlackElo "1772"]
[PlyCount "97"]
[EventDate "2007.10.21"]
[EventType "team"]
[EventRounds "9"]
[EventCountry "GER"]
[SourceTitle "EXT 2009"]
[Source "ChessBase"]
[SourceDate "2008.11.26"]
[SourceVersion "1"]
[SourceVersionDate "2008.11.26"]
[SourceQuality "1"]
[WhiteTeam "Grafenau"]
[BlackTeam "Schaibing"]
[WhiteTeamCountry "GER"]
[BlackTeamCountry "GER"]

1. e4 c5 2. c3 Nc6 3. Nf3 d6 4. d4 cxd4 5. cxd4 Bg4 6. Be2 e5 7. d5 Bxf3 8. Bxf3 Nd4 9. 0-0 f5 10. Re1 Nf6 11. Nc3 Be7 12. exf5 Nxf5 13. Bh5+ g6 14. Be2 0-0 15. Bg5 Nd4 16. Nb5 Nxb5 17. Bxb5 Qb6 18. a4 a6 19. Be3 Qd8 20. Bc4 Rc8 21. b3 Qd7 22. h3 Bd8 23. a5 Rf7 24. Qe2 Ne4 25. Qg4 Qxg4 26. hxg4 Bg5 27. Bb6 Nd2 28. Ra4 Rf4 29. Be3 Rxg4 30. Bxd2 Bxd2 31. Re2 Bc3 32. Re3 Bd4 33. Rf3 Rf8 34. Rxf8+ Kxf8 35. Rb4 Rf4 36. Rxb7 Bxf2+ 37. Kf1 Bd4+ 38. Ke1 Rf7 39. Rb8+ Ke7 40. Bxa6 Bc3+ 41. Ke2 Bxa5 42. b4 Bc7 43. Rb7 Ke8 44. Bb5+ Kd8 45. g3 g5 46. Bc6 Re7 47. b5 Ba5 48. Rb8+ Kc7 49. Rb7+ 1/2-1/2